• 首页
  • 本馆介绍
  • 公告通知
  • 最新文献
  • 馆藏检索
  • 电子资源
  • 读者导购
  • 参考咨询
  • 我的图书馆
  • 登录
  • 详细信息显示
  • 放入我的书架
  • 预约/预借图书
  • 作者相关作品
  • 分类相关作品
  • 丛书相关作品
  • 出版社相关作品

书目信息

  • 表格格式
  • 工作单格式
  • 卡片格式
题名:
精神控制与心理学滥用
    
 
作者: 李胜先 , 刘玉新 著
分册:  
出版信息: 武汉   武汉大学出版社  2012
页数: 172页
开本: 24cm
丛书名:
单 册:
中图分类: D588 , R395.1
科图分类:
主题词: 邪教--医学心理学--研究
电子资源:
ISBN: 978-7-307-09504-5
000 00796nam0 2200241 450
001 1533668554
005 20150119092135.75
010    @a978-7-307-09504-5@dCNY25.80
100    @a20120628d2012 em y0chiy50 ea
101 0  @achi
102    @aCN@b420000
105    @ay z 000yy
200 1  @a精神控制与心理学滥用@9jing shen kong zhi yu xin li xue lan yong@f李胜先,刘玉新著
210    @a武汉@c武汉大学出版社@d2012
215    @a172页@d24cm
330    @a本书共分四篇,包括精神控制和心理学滥用;宗教、科学无神论及异端;精神控制易感人群的研究与对策;引发心灵的革命。
606 0  @a邪教@x医学心理学@x研究
690    @aD588@v5
690    @aR395.1@v5
701  0 @a李胜先@9li sheng xian@4著
701  0 @a刘玉新@9liu yu xin@c(心理学)@4著
801  0 @aCN@bTSSF@c20150119
905    @aZUCC@dD588@eJY1
    
    精神控制与心理学滥用/李胜先,刘玉新著.-武汉:武汉大学出版社,2012
    172页;24cm
    
    
    ISBN 978-7-307-09504-5:CNY25.80
    本书共分四篇,包括精神控制和心理学滥用;宗教、科学无神论及异端;精神控制易感人群的研究与对策;引发心灵的革命。
●
相关链接 在E读中查询图书 在五车中查询图书 在当当中查询图书 在豆瓣中查询图书


正题名:精神控制与心理学滥用     索取号:D588/JY1         预约/预借

序号 登录号 条形码 馆藏地/架位号 状态 备注
1 7849195   278491954   学院路分馆/ [索取号:D588/JY1] 在馆    
2 7849196   278491963   学院路分馆/ [索取号:D588/JY1] 在馆    
3 7849197   278491972   学院路分馆/ [索取号:D588/JY1] 在馆    
唐山师范学院图书馆 欢迎您!
大连网信软件有限公司© 版权所有